000 00984nam a22003137a 4500
003 CHAP
005 20220817044221.0
008 080602d2007 us d r 00110 eng d
010 _a94871
011 _a95843
020 _a0821369598
035 _a106474
040 _cCHAP
082 0 4 _a338.9
_bS83
110 0 _aWorld Bank, The
_9122697
245 1 0 _aWorld development indicators 2007
_c/by The World Bank
260 _aWashington, DC :
_bThe World Bank,
_c2007
300 _axxi, 402 p. :
_bgráfs. ; cuadros
590 _aBATCH-UPD
_b10
_c20130110
_lUCH01
_h1028
590 _aBATCH-UPD
_b10
_c20130410
_lUCH01
_h0632
590 _aBATCH-UPD
_b10
_c20130914
_lUCH01
_h1152
590 _aCONVERSION
_b10
_c20130109
_lUCH01
_h1352
650 1 4 _aDesarrollo económico.
650 1 4 _aIndicadores económicos.
_957564
650 1 4 _aIndicadores sociales.
_957565
901 _aBK
942 _cLIBRO
949 _a338.9 S83
_bBC
_cC
_d33724002055355
_eC
_gI.c/e
_h109574
_i106474
_sb
_t$821.25
999 _c94871
_d94871